000 00647nam a2200229Ia 4500
005 20230113141855.0
008 131103s9999 xx 000 0 und d
020 _a300021801
040 _aLoreto College
041 _aEnglish
082 _a816.52
_bAIK-KIL
100 _aAiken, Conrad
245 _aSelected letters of Conrad Aiken
_cEdited by Joseph Killorin
260 _aNew Haven
_bYale University Press
_cc 1978
300 _axxv,350 p.
504 _aIncludes index
650 _aAiken,Conrad Potter, 1889 - 1973
651 _aAmerican Letters - 20th Century
700 _aKillorin, Joseph, ed
850 _aLCLIB
942 _cBK
999 _c12135
_d62614